Statistics for Countries With Biological Weapons

Click here to take the quiz!

General Stats

  • This quiz has been taken 64 times
  • The average score is 6 of 8

Answer Stats

Country% Correct
Russia
90%
China
88%
Iran
85%
North Korea
85%
Pakistan
65%
Israel
63%
Syria
58%
Egypt
38%

Score Distribution

Percentile by Number Answered

Percent of People with Each Score

Your Score History

You have not taken this quiz